000 00518pab a2200181 454500
008 180718b2007 xxu||||| |||| 00| 0 eng d
100 _aRatcliffe, Caroline
245 _aWelfare program performance: an analysis of South Carolina's family Independence program
260 _c2007
300 _ap.65-90.
362 _aMar
650 _aSocial welfare
700 _aSharkey, Patrick
700 _aNightingale, Demetra Smith
773 _aAmerican Review of Public Administration
908 _aN
909 _a75205
999 _c75205
_d75205